| 000 | 00479nam a22001577a 4500 | ||
|---|---|---|---|
| 082 |
_a940.54 _bSLI _cL-30-II, P-215 |
||
| 100 |
_aSir William Slim _946450 |
||
| 245 |
_aشکست سے تک فتح _cSir William Slim |
||
| 260 |
_aRawalpindi, Pakistan _bArmy Education Press |
||
| 300 | _a757.p: | ||
| 526 |
_a0 _b0 _c0 _d940_540000000000000_SLI |
||
| 526 |
_a0 _b0 _c0 _d940_540000000000000_SLI |
||
| 526 |
_a0 _b0 _c0 _d940_540000000000000_SLI |
||
| 650 |
_aMCE _9379 |
||
| 942 |
_2ddc _cBK |
||
| 999 |
_c549790 _d549790 |
||